000 00683nam a22001937a 4500
008 161015b xxu||||| |||| 00| 0 eng d
020 _a9718210075
082 _22000
_aDFil 499.211
_bL11
100 _916310
_aTumangan, Alcomtiser P.
245 _aSining ng pakikipagtalastasan:
_bPandalubhasaan/
_cAlcomtiser P. Tumangan...[and 3 others].
260 _aValenzuela City:
_bMutya Publishing House,
_cc2000.
300 _a228 pages;
_c25 cm.
500 _aIncludes bibliographical references.
650 0 _916311
_aLanguage arts (Filipino).
700 _916312
_aBernales, Rolando A.
700 _916313
_aLim, Dante C.
700 _916314
_aMangonon, Isabela A.
942 _2ddc
_cDFIL
999 _c5267
_d5267